000 00584nam a2200145Ia 4500
008 100204s9999 xx 000 0 und d
082 _b11172
100 _aदिघे प्रभाकर
245 _aसैलानी ( पोलिस कथा संग्रह )
260 _b"गौरी महेंद्र्र कानिटकर, पुणे"
_c1988
300 _a112
630 _aसैलानी ( पोलिस कथा संग्रह )
730 _aसैलानी ( पोलिस कथा संग्रह )
942 _cBOOK
999 _c455608
_d455605